[Event "Washington Class-ch Expert"]
[Site "Redmond"]
[Date "2012.11.25"]
[Round "6"]
[White "Xing, Casey"]
[Black "He, Samuel Fei"]
[Result "1/2-1/2"]
[WhiteElo "2086"]
[BlackElo "1983"]
[PlyCount "36"]
[EventDate "2012.11.23"]
[EventType "swiss"]
[EventRounds "6"]
[EventCountry "USA"]
[SourceTitle "EXT 2017"]
[Source "ChessBase"]
[SourceDate "2016.10.25"]
[SourceVersion "1"]
[SourceVersionDate "2016.10.25"]
[SourceQuality "1"]

1. d4 e6 2. c4 Nf6 3. Nc3 Bb4 4. Qc2 0-0 5. Nf3 c5 6. dxc5 Na6 7. a3 Bxc3+ 8. Qxc3 Nxc5 9. e3 b6 10. Be2 Bb7 11. 0-0 Rc8 12. b4 Nce4 13. Qb3 d5 14. Bb2 Qe7 15. Rac1 Rfd8 16. Qa2 dxc4 17. Bxc4 Bd5 18. Bxf6 Nxf6 1/2-1/2

[Event "Washington Class-ch Expert"]
[Site "Redmond"]
[Date "2012.11.23"]
[Round "4"]
[White "Xing, Casey"]
[Black "Bartron, Paul"]
[Result "1/2-1/2"]
[WhiteElo "2086"]
[BlackElo "2110"]
[PlyCount "36"]
[EventDate "2012.11.23"]
[EventType "swiss"]
[EventRounds "6"]
[EventCountry "USA"]
[SourceTitle "EXT 2017"]
[Source "ChessBase"]
[SourceDate "2016.10.25"]
[SourceVersion "1"]
[SourceVersionDate "2016.10.25"]
[SourceQuality "1"]

1. d4 d5 2. c4 dxc4 3. Nf3 a6 4. e3 Nf6 5. a4 c5 6. Bxc4 e6 7. 0-0 Nc6 8. Qe2 cxd4 9. Rd1 Be7 10. Nxd4 Nxd4 11. Rxd4 Qc7 12. Nc3 0-0 13. Rd1 Bd7 14. b3 Bc6 15. Bb2 Rfd8 16. Rac1 Rxd1+ 17. Rxd1 Rd8 18. Rxd8+ Qxd8 1/2-1/2

[Event "Washington State Invitational"]
[Site "Seattle"]
[Date "2011.02.12"]
[Round "1"]
[White "Xing, Casey"]
[Black "Hoffman, Nicholas"]
[Result "1-0"]
[WhiteElo "1887"]
[BlackElo "1927"]
[PlyCount "81"]
[EventDate "2011.02.12"]
[EventType "tourn"]
[EventRounds "9"]
[EventCountry "USA"]
[SourceTitle "EXT 2017"]
[Source "ChessBase"]
[SourceDate "2016.10.25"]
[SourceVersion "1"]
[SourceVersionDate "2016.10.25"]
[SourceQuality "1"]

1. d4 Nf6 2. c4 c5 3. e3 g6 4. Nc3 Bg7 5. Nf3 0-0 6. Be2 d5 7. 0-0 cxd4 8. exd4 Nc6 9. Be3 dxc4 10. Bxc4 Na5 11. Be2 Be6 12. b3 Nd5 13. Nxd5 Bxd5 14. Rc1 Nc6 15. Qd2 Rc8 16. Rfd1 a6 17. Ne1 e6 18. Bf3 Ne7 19. Rxc8 Nxc8 20. Bxd5 Qxd5 21. Rc1 Ne7 22. Rc5 Qd7 23. Nf3 Rd8 24. Rc1 Nc6 25. Rd1 Qd5 26. h3 Qh5 27. Kh2 Qb5 28. Qc2 Qa5 29. Qd2 Rd5 30. Qxa5 Rxa5 31. a4 Rd5 32. Rd2 Kf8 33. Kg1 Ke8 34. Kf1 h5 35. Ke2 b5 36. Rd1 bxa4 37. bxa4 Ra5 38. Ra1 Nb4 39. Bd2 Nc2 40. Ra2 Nxd4+ 41. Nxd4 1-0

[Event "Washington Challengers Cup"]
[Site "Seattle"]
[Date "2009.12.12"]
[Round "1"]
[White "Kelley, Dereque D"]
[Black "Xing, Casey"]
[Result "1/2-1/2"]
[WhiteElo "2147"]
[BlackElo "1807"]
[PlyCount "43"]
[EventDate "2009.12.12"]
[EventType "swiss"]
[EventRounds "4"]
[EventCountry "USA"]
[SourceTitle "EXT 2017"]
[Source "ChessBase"]
[SourceDate "2016.10.25"]
[SourceVersion "1"]
[SourceVersionDate "2016.10.25"]
[SourceQuality "1"]

1. d4 Nf6 2. c4 e6 3. Nf3 d5 4. Nc3 c6 5. Bg5 Be7 6. e3 Nbd7 7. Qc2 0-0 8. Rd1 a6 9. b3 Qa5 10. Bd3 Bb4 11. Rc1 Ba3 12. b4 Bxb4 13. 0-0 Bxc3 14. Qxc3 Qxc3 15. Rxc3 dxc4 16. Rxc4 Re8 17. e4 e5 18. dxe5 Nxe5 19. Nxe5 Rxe5 20. f4 Re8 21. f5 Ng4 22. Rd4 1/2-1/2

[Event "Washington Class-ch A"]
[Site "Redmond"]
[Date "2009.11.28"]
[Round "4"]
[White "Xing, Casey"]
[Black "Gottlieb, Ethan"]
[Result "1/2-1/2"]
[WhiteElo "1807"]
[BlackElo "1894"]
[PlyCount "30"]
[EventDate "2009.11.27"]
[EventType "swiss"]
[EventRounds "6"]
[EventCountry "USA"]
[SourceTitle "EXT 2017"]
[Source "ChessBase"]
[SourceDate "2016.10.25"]
[SourceVersion "1"]
[SourceVersionDate "2016.10.25"]
[SourceQuality "1"]

1. d4 d5 2. c4 e6 3. Nc3 Nf6 4. Nf3 Nbd7 5. e3 Be7 6. Bd3 0-0 7. 0-0 b6 8. cxd5 exd5 9. Qc2 Bb7 10. b3 c5 11. Ba3 Rc8 12. Bb2 Re8 13. Rac1 Bf8 14. Qb1 Ne4 15. Rfd1 Ndf6 1/2-1/2

[Event "Washington Class-ch A"]
[Site "Redmond"]
[Date "2009.11.28"]
[Round "3"]
[White "Xing, Casey"]
[Black "Sotaridona, Leonardo"]
[Result "1-0"]
[WhiteElo "1807"]
[BlackElo "1864"]
[PlyCount "104"]
[EventDate "2009.11.27"]
[EventType "swiss"]
[EventRounds "6"]
[EventCountry "USA"]
[SourceTitle "EXT 2017"]
[Source "ChessBase"]
[SourceDate "2016.10.25"]
[SourceVersion "1"]
[SourceVersionDate "2016.10.25"]
[SourceQuality "1"]

1. d4 d5 2. c4 e6 3. Nc3 c5 4. cxd5 exd5 5. Nf3 Nc6 6. g3 Nf6 7. Bg2 Be7 8. 0-0 0-0 9. Bg5 cxd4 10. Nxd4 h6 11. Be3 Re8 12. Nxc6 bxc6 13. Na4 Bg4 14. h3 Bf5 15. Rc1 Qd7 16. Kh2 Rac8 17. Nc5 Bxc5 18. Bxc5 Ne4 19. b4 h5 20. e3 g6 21. Bxe4 Bxe4 22. f3 Bf5 23. g4 Be6 24. Qd4 h4 25. Qf4 f5 26. gxf5 Bxf5 27. Qxh4 Kf7 28. Bd4 Qd6+ 29. Kg2 Ke6 30. a3 Kd7 31. Rh1 a5 32. Bc5 Qe6 33. Qh7+ Re7 34. Qxe7+ Qxe7 35. Bxe7 Kxe7 36. bxa5 Kd6 37. Kg3 Ra8 38. Rc3 Rxa5 39. Rhc1 c5 40. Kf4 Ra4+ 41. Kg3 c4 42. Rd1 Kc5 43. h4 Ra7 44. Kf4 Rh7 45. Kg5 Rh5+ 46. Kf6 Rxh4 47. Ke5 Be4 48. fxe4 Rxe4+ 49. Kf6 Rg4 50. Rc2 Rg3 51. Rcd2 c3 52. Rxd5+ Kc4 1-0